Multiorbit induction accelerators; Soviet Atomic Energy; Vol. 41, iss. 6

Podrobná bibliografie
Parent link:Soviet Atomic Energy
Vol. 41, iss. 6.— 1976.— [P. 1066]
Hlavní autor: Zvontsov A. A. Aleksander Akimovich
Další autoři: Kasyanov (Kas'yanov) V. A. Valery Alekseevich, Chakhlov V. L. Vladimir Lukianovich
Shrnutí:Title screen
Режим доступа: по договору с организацией-держателем ресурса
Jazyk:angličtina
Vydáno: 1976
Témata:
On-line přístup:http://link.springer.com/article/10.1007/BF01119512
Médium: MixedMaterials Elektronický zdroj Kapitola
KOHA link:https://koha.lib.tpu.ru/cgi-bin/koha/opac-detail.pl?biblionumber=636996

MARC

LEADER 00000nla0a2200000 4500
001 636996
005 20250409113103.0
035 |a (RuTPU)RU\TPU\network\1064 
090 |a 636996 
100 |a 20140423d1976 k||y0rusy50 ba 
101 0 |a eng 
102 |a RU 
135 |a drcn ---uucaa 
181 0 |a i  
182 0 |a b 
200 1 |a Multiorbit induction accelerators  |f A. A. Zvontsov, V. A. Kasyanov (Kas'yanov), V. L. Chakhlov 
203 |a Text  |c electronic 
300 |a Title screen 
333 |a Режим доступа: по договору с организацией-держателем ресурса 
461 |t Soviet Atomic Energy 
463 |t Vol. 41, iss. 6  |v [P. 1066]  |d 1976 
610 1 |a труды учёных ТПУ 
610 1 |a электронный ресурс 
610 1 |a индукционные ускорители 
700 1 |a Zvontsov  |b A. A.  |c Physicist  |c Senior researcher of Tomsk Polytechnic University, Candidate of technical sciences  |f 1940-  |g Aleksander Akimovich  |3 (RuTPU)RU\TPU\pers\31480 
701 1 |a Kasyanov (Kas'yanov)  |b V. A.  |c specialist in the field of non-destructive testing  |c Head of laboratory of Tomsk Polytechnic University, Candidate of technical sciences  |f 1950-  |g Valery Alekseevich  |3 (RuTPU)RU\TPU\pers\32261 
701 1 |a Chakhlov  |b V. L.  |c physicist  |c Honored worker of science and technology of the Russian Federation  |c Honored Professor of Tomsk Polytechnic University, Doctor ofTechnical Sciences (DSc)  |f 1934-2011  |g Vladimir Lukianovich  |3 (RuTPU)RU\TPU\pers\30042 
801 2 |a RU  |b 63413507  |c 20160316  |g RCR 
856 4 |u http://link.springer.com/article/10.1007/BF01119512 
942 |c CF